00308nam a2200121Ia 45000010005000000080041000050820025000461000022000712450016000932600035001099010027001449990015001713773241024s9999 xx 000 0 und d aRD/808.83/C389a/2012 aMarío J. Cedano 0aAmor eterno bEditora Graphic Colonialc2013 a29/5/2014 9:18:14 a.m. c7917d7917